Bijelo dugme songs - Statistics

General Stats
  • This quiz has been taken 5 times
  • The average score is 46 of 93
Answer Stats
Album Song title % Correct
Bitanga i princeza (1979) Bitanga i princeza
100%
Ćiribiribela (1988) Ćiribiribela
80%
Doživjeti stotu (1980) Doživjeti stotu
80%
Eto! Baš hoću! (1976) Eto! Baš hoću!
80%
Kad bi' bio bijelo dugme (1974) Kad bi' bio bijelo dugme
80%
Bitanga i princeza (1979) Na zadnjem sjedištu moga auta
80%
Pljuni i zapjevaj, moja Jugoslavijo (1986) Pljuni i zapjevaj, moja Jugoslavijo
80%
Šta bi dao da si na mom mjestu (1975) Šta bi dao da si na mom mjestu
80%
Uspavanka za Radmilu M. (1983) Uspavanka za Radmilu M.
80%
Ćiribiribela (1988) Ako ima Boga
60%
Bitanga i princeza (1979) A koliko si ih imala do sad
60%
Uspavanka za Radmilu M. (1983) Ako možeš, zaboravi
60%
Singl (1974) Bila mama Kukunka, bio tata Taranta
60%
Kad bi' bio bijelo dugme (1974) Blues za moju bivšu dragu
60%
Singl (1974) Da sam pekar
60%
Eto! Baš hoću! (1976) Dede bona, sjeti se, de, tako ti svega
60%
Šta bi dao da si na mom mjestu (1975) Došao sam da ti kažem da odlazim
60%
Uspavanka za Radmilu M. (1983) Drugovi i drugarice
60%
Ćiribiribela (1988) Đurđevdan je, a ja nisam s onom koju volim
60%
Singl (1974) Glavni junak jedne knjige
60%
Doživjeti stotu (1980) Ha, ha, ha
60%
Bijelo dugme (1984) Hej, Slaveni
60%
Šta bi dao da si na mom mjestu (1975) Hop-cup
60%
Bitanga i princeza (1979) Ipak, poželim neko pismo
60%
Eto! Baš hoću! (1976) Izgledala je malo čudno u kaputu žutom krojenom bez veze
60%
Bitanga i princeza (1979) Kad zaboraviš juli
60%
Uspavanka za Radmilu M. (1983) Kosovska
60%
Eto! Baš hoću! (1976) Loše vino
60%
Doživjeti stotu (1980) Lova
60%
Ćiribiribela (1988) Napile se ulice
60%
Šta bi dao da si na mom mjestu (1975) Ne gledaj me tako i ne ljubi me više
60%
Kad bi' bio bijelo dugme (1974) Ne spavaj mala moja muzika dok svira
60%
Eto! Baš hoću! (1976) Ništa mudro
60%
Singl (1974) Ove ću noći naći Blues
60%
Kad bi' bio bijelo dugme (1974) Patim evo deset dana
60%
Uspavanka za Radmilu M. (1983) Polubauk polukruži poluevropom
60%
Doživjeti stotu (1980) Pristao sam biću sve što hoće
60%
Pljuni i zapjevaj, moja Jugoslavijo (1986) Ružica si bila, sada više nisi
60%
Eto! Baš hoću! (1976) Sanjao sam noćas da te nemam
60%
Kad bi' bio bijelo dugme (1974) Selma
60%
Bitanga i princeza (1979) Sve će to mila moja prekriti ruzmarin, snjegovi i šaš
60%
Šta bi dao da si na mom mjestu (1975) Tako ti je mala moja kad ljubi bosanac
60%
Singl (1974) Top
60%
Bijelo dugme (1984) Za Esmu
60%
Uspavanka za Radmilu M. (1983) Zašto me ne podnosi tvoj tata
60%
Bijelo dugme (1984) Aioio radi radio
40%
Pljuni i zapjevaj, moja Jugoslavijo (1986) A i ti me iznevjeri
40%
Bitanga i princeza (1979) Ala je glupo zaboravit njen broj
40%
Samo Live ...A milicija trenira strogoću!
40%
Šta bi dao da si na mom mjestu (1975) Bekrija si, cijelo selo viče, e pa jesam, šta se koga tiče
40%
Doživjeti stotu (1980) Čudesno jutro u krevetu gđe Petrović
40%
Singl (1975) Da mi je znati koji joj je vrag
40%
Bijelo dugme (1984) Da te bogdo ne volim
40%
Ćiribiribela (1988) Evo zakleću se
40%
Pljuni i zapjevaj, moja Jugoslavijo (1986) Hajdemo u planine
40%
Doživjeti stotu (1980) Hotel, motel
40%
Singl (1975) I kad prođe sve, pjevat ću i tad
40%
Singl (1975) Ima neka tajna veza
40%
Bijelo dugme (1984) Jer kad ostariš
40%
Ćiribiribela (1988) Lijepa naša
40%
Bijelo dugme (1984) Lipe cvatu, sve je isto k'o i lani
40%
Bijelo dugme (1984) Meni se ne spava
40%
Singl (1976) Milovan
40%
Samo Live Mramor, kamen i željezo
40%
Ćiribiribela (1988) Nakon svih ovih godina
40%
Eto! Baš hoću! (1976) Ne dese se takve stvari pravome muškarcu
40%
Uspavanka za Radmilu M. (1983) Ne plači
40%
Pljuni i zapjevaj, moja Jugoslavijo (1986) Noćas je k'o lubenica pun mjesec iznad Bosne
40%
Uspavanka za Radmilu M. (1983) Ovaj ples dame biraju
40%
Bijelo dugme (1984) Padaju zvijezde
40%
Bijelo dugme (1984) Pediculis Pubis
40%
Singl (1981) Playing The Part
40%
Šta bi dao da si na mom mjestu (1975) Požurite konji moji
40%
Ćiribiribela (1988) Šta ima novo
40%
Singl (1979) Šta je tu je
40%
Doživjeti stotu (1980) Tramvaj kreće (Ili kako biti heroj u ova šugava vremena)
40%
Uspavanka za Radmilu M. (1983) U vrijeme otkazanih letova
40%
Pljuni i zapjevaj, moja Jugoslavijo (1986) Zamisli
40%
Pljuni i zapjevaj, moja Jugoslavijo (1986) Zar ne vidiš da pravim budalu od sebe
40%
Doživjeti stotu (1980) Zažmiri i broj
40%
Singl (1976) Džambo
20%
Singl (1976) Goodbye, Amerika
20%
Bijelo dugme (1984) Lažeš
20%
Singl (1975) Minijatura za moju majku
20%
Doživjeti stotu (1980) Mogla je biti prosta priča
20%
Ćiribiribela (1988) Neću to na brzaka
20%
Doživjeti stotu (1980) Pjesma mom mlađem bratu (Iz Niša u proljeće '78)
20%
Pljuni i zapjevaj, moja Jugoslavijo (1986) Pjesma za malu pticu
20%
Eto! Baš hoću! (1976) Slatko li je ljubit tajno
20%
Kad bi' bio bijelo dugme (1974) Sve ću da ti dam samo da zaigram
20%
Pljuni i zapjevaj, moja Jugoslavijo (1986) Te noći kad umrem, kad odem, kad me ne bude
20%
Singl (1976) Vatra
20%
Singl (1975) Znam za jedno tiho mjesto
20%
No matching quizzes found
Score Distribution
Percent of People with Each Score
Percentile by Number Answered
Your Score History
You have not taken this quiz